Normal view
MARC view
- THE WORLD ALMANAC AND BOOK OF FACTS 2005
Entry Topical Term
001 - CONTROL NUMBER
- control field: 61685
003 - CONTROL NUMBER IDENTIFIER
- control field: NUST
005 - DATE AND TIME OF LATEST TRANSACTION
- control field: 20210628202810.0
008 - FIXED-LENGTH DATA ELEMENTS
- fixed length control field: 210628|| aca||aabn | a|a d
040 ## - CATALOGING SOURCE
- Original cataloging agency: NUST
- Transcribing agency: NUST
150 ## - HEADING--TOPICAL TERM
- Topical term or geographic name entry element: THE WORLD ALMANAC AND BOOK OF FACTS 2005
670 ## - SOURCE DATA FOUND
- Source citation: Work cat.: (NUST): World Almanac Book 61684, The world almanac and book of facts 2005, 2005
